| 000 | 04248nam a2200457 i 4500 | ||
|---|---|---|---|
| 001 | 193483 | ||
| 003 | ES-MaACL | ||
| 005 | 20250721063450.0 | ||
| 007 | ta | ||
| 008 | 240102s2013 sp 000 0 spa d | ||
| 017 |
_aDL B 15175-2023 _bBiblioteca de Catalunya |
||
| 020 | _a9788423436415 | ||
| 020 | _a8423436411 | ||
| 035 | _a(OCoLC)1403387371 | ||
| 035 | _a991061050472606706 | ||
| 035 | _a(OCoLC)on1403387371 | ||
| 040 |
_aES-BaURL _bcat _erda _cES-BaURL _dES-MaACL |
||
| 080 | _a321.02(460) | ||
| 080 | _a32:33(460) | ||
| 245 | 0 | 3 |
_aUn país posible: _bmanual de reformas políticamente viables / _ccoordinado por Toni Roldán, Jorge Galindo, Lucas Gortazar y Teresa Raigada. |
| 264 | 1 |
_aBarcelona: _bEdiciones Deusto, _c[2023] |
|
| 300 |
_a311 páginas : _bgráficos, tablas ; _c23 cm |
||
| 336 |
_atexto _btxt _2rdacontent |
||
| 337 |
_asin mediación _bn _2rdamedia |
||
| 338 |
_avólumen _bnc _2rdacarrier |
||
| 504 | _aBibliografía: páginas 289-311 | ||
| 505 | 0 | _aIntroducción: Un país posible: razones y políticas. Parte I. Un marco público para desarrollar mejores políticas. 1. Avanzar hacia el diseño de políticas públicas a partir de la evidencia. 2. Una administración moderna basada en los datos. Parte II. Una arquitectura institucional para el crecimiento basado en el conocimiento. 3. Mejorar la educación evitando la confrontación. 4. Cómo incrementar la movilidad social fomentando el acceso a la educación superior: FP, becas y financiación universitaria. 5. Retener, recuperar y atraer talento investigador a las universidades españolas. 6. Formación y protección: medidas para aprovechar las transformaciones del futuro. 7. Cómo descarbonizar de manera eficaz y justa. Parte III. Una infraestructura de protección adaptada a los nuevos desafíos. 8. Reformas fiscales para reducir la desigualdad e impulsar un crecimiento inclusivo. 9. Retos futuros del mercado de trabajo en España. 10. ¿Qué más podemos hacer para reducir la brecha de género en el mercado laboral?. 11. Una propuesta para la reforma del sistema español de pensiones. 12. Propuestas para reducir la presión asistencial sobre la atención primaria. 13. Reformas sensatas para una vivienda accesible. Epílogo: Cómo ampliar el espacio político para las reformas. Navegando la polarización | |
| 520 | 3 | _aEn "Un país posible", un plantel de prestigiosos politólogos, economistas y sociólogos ofrece un camino de reformas concretas, acotadas, realistas, basadas en la evidencia y políticamente viables, para cambiar esta trayectoria y contribuir a que España se convierta en un país líder en la nueva economía con un modelo justo y equilibrado. Para lograrlo, no es suficiente con implementar buenas reformas en el ámbito de la formación, la educación o la universidad, por supuesto recogidas en este libro. También es imprescindible transformar los mecanismos que obstaculizan la igualdad de oportunidades, que son muchos en España. Así, se abordan muchos de los principales desafíos actuales, como la adaptación del mercado laboral a la era de la automatización y al shock de la inteligencia artificial, las medidas para lograr una vivienda accesible, las políticas para reducir la brecha de género, la reforma del sistema español de pensiones, las propuestas para reducir la presión asistencial sobre la atención primaria, los programas de descarbonización justa o el replanteamiento de la fiscalidad para reducir la desigualdad e impulsar un crecimiento inclusivo, entre otros | |
| 651 | 4 |
_aEspaña- _xPolítica económica- _y2011- _9156430 |
|
| 651 | 4 |
_aEspaña- _xPolítica y gobierno- _yS.XXI _9166701 |
|
| 700 | 1 |
_aRoldán, Antonio, _d1983- _ecoor _9234781 |
|
| 700 | 1 |
_aGalindo, Jorge _ecoor _9234782 |
|
| 700 | 1 |
_aGortazar, Lucas _ecoor _9234783 |
|
| 700 | 1 |
_aRaigada, Teresa _ecoor _9234784 |
|
| 852 |
_aES-MaACL _bR.154833 _9200962 _cDEPOJ _jN-9662 _hDonación: Toni Roldán _gDedicatoria autógrafa del autor _xEncuadernación rústica con solapas |
||
| 903 |
_9234781 _aRoldán, Antonio, _d1983- _ednr |
||
| 942 |
_n0 _cMONOGRAFIA |
||
| 999 |
_c193483 _d193483 |
||